| 000 | 00619 a2200241 4500 | ||
|---|---|---|---|
| 001 | 200130580 | ||
| 999 |
_c200130580 _d33242 |
||
| 003 | TR-AnTOB | ||
| 005 | 20240827102554.0 | ||
| 008 | 160509b tu n0 0 0 | ||
| 022 | _a21461988 | ||
| 040 | _aTR-AnTOB | ||
| 041 | _aeng | ||
| 050 |
_aJA71 _b.TUR |
||
| 090 | _aJA 71 .TUR | ||
| 099 | _aJOURNAL - TURK PO | ||
| 245 | 0 | _aTurkish Journal of Politics | |
| 260 |
_aİstanbul: _bFatih Üniversitesi |
||
| 300 |
_av.; _c25 cm |
||
| 650 |
_aPolitical science _zTurkey _vPeriodicals _959443 |
||
| 650 | 7 |
_aSiyasal bilim _vSüreli yayınlar _2etuturkob _970149 |
|
| 942 | _cCR | ||